World Capitals closest to NATO A-Z - Statistics

General Stats
  • This quiz has been taken 398 times
    382 since last reset
  • The average score is 14 of 23
Answer Stats
Hint Answer % Correct
V Vatican
82%
K Kiev
80%
B Bern
77%
S San Marino
75%
A Andorra la Vella
73%
R Rabat
73%
Y Yerevan
72%
J Jerusalem
69%
C Chisinau
65%
M Monaco
65%
T Tbilisi
64%
D Dublin
63%
H Havana
59%
Q Quito
58%
N Nicosia
57%
U Ulaanbaatar
56%
P Pristina
51%
I Islamabad
49%
G Guatemala City
44%
O Ouagadougou
36%
F Freetown
32%
W Windhoek
32%
L Lomé
17%
No matching quizzes found
Score Distribution
Percent of People with Each Score
Percentile by Number Answered
Your Score History
You have not taken this quiz since the last reset